Kartelové právo a oblast pojišťovnictví

Právny základ blokových výnimiek v oblasti poisťovníctva. Podmienky na odobratie výhod spočívajúcich v obecnej výnimke. Blokové výnimky v oblasti poisťovníctva v právnej úprave ES. Najzásadnejšie zmeny právnej úpravy v oblasti poolov. Ďalšie obmedzenia z pohľadu využitia skupinového vyňatia zo zákaz...

Descrizione completa

Salvato in:
Dettagli Bibliografici
Autore principale: Běhan, Petr
Natura: Capitolo di libro
Lingua:ceco
Soggetti:
Tags: Aggiungi Tag
Nessun Tag, puoi essere il primo ad aggiungerne!!

MARC

LEADER 00000naa$a2200000$$$4500
001 0001928
005 20230922101505.8
041 0 |a cze 
044 |a CZ 
245 1 0 |a Kartelové právo a oblast pojišťovnictví  |c aut. Petr Běhan 
520 |a Právny základ blokových výnimiek v oblasti poisťovníctva. Podmienky na odobratie výhod spočívajúcich v obecnej výnimke. Blokové výnimky v oblasti poisťovníctva v právnej úprave ES. Najzásadnejšie zmeny právnej úpravy v oblasti poolov. Ďalšie obmedzenia z pohľadu využitia skupinového vyňatia zo zákazu dohôd v oblasti poolov. 
610 2 0 |a kartely 
610 2 0 |a poisťovníctvo 
610 2 0 |a úpravy právne 
610 2 0 |a dohody 
610 2 0 |a Česko 
610 2 0 |a Európska únia 
100 1 |a Běhan, Petr